Filosofía política contemporánea: una introducción

সংরক্ষণ করুন:
গ্রন্থ-পঞ্জীর বিবরন
প্রধান লেখক: Kymlicka, Will (Author)
বিন্যাস: গ্রন্থ
ভাষা:স্প্যানিশ
প্রকাশিত: Barcelona Ariel 1995
মালা:Ciencia y Política
বিষয়গুলি:
ট্যাগগুলো: ট্যাগ যুক্ত করুন
কোনো ট্যাগ নেই, প্রথমজন হিসাবে ট্যাগ করুন!

MARC

LEADER 00000nam a2200000 a 4500
001 UCO9370
003 CL-VaPUC
008 010302e19950000SP |||||||||||||||||spa|d
082 0 4 |a 320.01  |b KYM  |2 21 
100 |a Kymlicka, Will   |e author  |9 531263 
245 1 0 |a Filosofía política contemporánea: una introducción 
300 |a 349 p 
942 |c BK 
945 |d 20010302 00:00:00  |a vberengu 
260 |a Barcelona  |b Ariel  |c 1995 
650 0 |a Utilitarismo   |9 321614 
650 0 |a Feminismo  |9 259085 
650 7 |a MARXISMO  |2 CL-VaPUC  |9 454469 
650 7 |a FILOSOFIA POLITICA  |2 CL-VaPUC  |9 454470 
583 |a last modification  |c 20160913 04:23:30  |k Rodrigo Vera 
490 0 |a Ciencia y Política 
999 |c 293584  |d 293582 
952 |0 0  |1 0  |4 0  |6 320_010000000000000_KYM_1995  |7 0  |8 DER_TF  |9 345207  |a BIBDER  |b BIBDER  |d 2019-11-20  |i 3693961  |l 1  |m 1  |o 320.01 KYM 1995  |p 3693961  |r 2023-03-27  |s 2023-03-06  |w 2019-11-20  |x Ubicación 4to Piso  |y BK  |z Estos recursos deben solicitarse con anticipación  |k DER 
952 |0 0  |1 0  |4 0  |6 320_010000000000000_KYM_1995  |7 0  |8 A  |9 345208  |a BIBEDU  |b BIBEDU  |d 2019-11-20  |i 3935094  |o 320.01 KYM 1995  |p 3935094  |r 2019-11-20  |w 2019-11-20  |y BK  |k FIL